Szczegóły MARC21

Europa od A do Z : podręcznik integracji europejskiej /

003 -Nazwa inst., której nr kontr. jest w polu 001 [,]
    • @
    • Nazwa instytucji, której n kontrolny jest w polu 001
    • NUKAT
005 -DATA I CZAS OSTATNIEJ MODYFIKACJI [,]
    • @
    • pole kontrolne
    • 20241231093156.0
020 -Międzynarod. znormalizowany nr książki - ISBN [ , ]
    • a
    • Numer ISBN
    • 8388199358 Find
040 -Instytucja sporządzająca opis [ , ]
    • a
    • Instytucja, która sporządziła opis (NP)
    • WR O/JG
    • c
    • Instytucja, która sporządziła rekord (NP)
    • WR O/JG
    • d
    • Instytucja, która zmodyfikowała rekord (P)
    • WR O/LC
    • d
    • Instytucja, która zmodyfikowała rekord (P)
    • WR O/JGs
041 -Język dokumentu [1, ]
    • a
    • Język tekstu (P)
    • polski
    • h
    • Język tekstu oryginalnego i/lub pośredniego (P)
    • niemiecki
942 -Rodzaj dokumentu [ , ]
    • c
    • Rodzaj dokumentu
    • Książka
100 -Hasło główne - nazwa osobowa [1, ]
    • a
    • Nazwa osobowa (NP)
    • Weidenfeld, Werner
    • d
    • Daty biograficzne (NP)
    • (1947- ).
    • 9
    • KHW
    • 59114
245 -Strefa tytułu i oznaczenia odpowiedzialności [1,0]
    • a
    • Tytuł
    • Europa od A do Z : Find
    • b
    • Ciąg dalszy tytułu (NP)
    • podręcznik integracji europejskiej / Find
    • c
    • Pozostałe elementy strefy tytułu i oznaczenia odpowiedzialności (NP)
    • Werner Weidenfeld, Wolfgang Wessels ; przeł. Elżbieta Ptaszyńska-Sadowska.
250 -Strefa wydania [ , ]
    • a
    • Oznaczenie wydania (NP)
    • Wyd. 4.
260 -Strefa adresu wydawniczego [ , ]
    • a
    • Miejsce wydania (P)
    • Gliwice :
    • b
    • Nazwa wydawcy (P)
    • Wokół nas,
    • c
    • Data wydania (P)
    • 2002.
300 -Strefa opisu fizycznego [ , ]
    • a
    • Określenie formy książki i/lub objętość (NP)
    • 490 s. :
    • b
    • Oznaczenie ilustracji (NP)
    • il. ;
    • c
    • Format (NP)
    • 21 cm.
336 -Typ zawartości [ , ]
    • a
    • Termin opisujący typ zawartości
    • Tekst
    • b
    • Kod określający zawartość
    • txt
    • 2
    • Źródło (terminu i kodu)
    • rdacontent
337 -Typ mediów [ , ]
    • a
    • Tryb odtwarzania
    • Bez urządzenia pośredniczącego
    • b
    • Kod typu mediów
    • n
    • 2
    • Źródło (terminu i kodu)
    • rdamedia
338 -Typ/rodzaj nośnika [ , ]
    • a
    • Hasło opisujące typ nośnika
    • Wolumin
    • b
    • Kod typu nośnika
    • nc
    • 2
    • Źródło (terminu i kodu)
    • rdacarrier
504 -Uwaga dot. bibliogr. załącznikowej [ , ]
    • a
    • Uwaga dot. bibliografii załącznikowej
    • Indeks.
080 -Uniwersalna Klasyfikacja Dziesiętna [ , ]
    • a
    • Symbol klasyfikacji
    • 339.92(4)(07)
610 -Hasło przedmiotowe w formie nazwy ciała zbiorowego [2,7]
    • a
    • Nazwa ciała zbiorowego lub nazwa geograficzna
    • Wspólnoty Europejskie.
    • 2
    • Źródło terminu
    • kaba
    • 9
    • KHW
    • 257774
651 -Hasło przedmiotowe w formie nazwy geograficznej [ ,7]
    • a
    • Nazwa geograficzna
    • Europa
    • x
    • Określnik rzeczowy
    • zjednoczenie
    • y
    • Określnik chronologiczny
    • 1990-
    • v
    • Określnik formalny
    • podręczniki.
    • 2
    • Źródło terminu
    • kaba
    • 9
    • KHW
    • 428973
651 -Hasło przedmiotowe w formie nazwy geograficznej [ ,7]
    • a
    • Nazwa geograficzna
    • Europa
    • x
    • Określnik rzeczowy
    • integracja gospodarcza.
    • 2
    • Źródło terminu
    • kaba
    • 9
    • KHW
    • 108170
980 -Symbol UKD [ , ]
    • a
    • UKD
    • 339.92(4)(07)
700 -Hasło dodatkowe - nazwa osobowa [1, ]
    • a
    • Nazwa osobowa (NP)
    • Wessels, Wolfgang Find
    • d
    • Daty biograficzne (NP)
    • (1948- ).
    • 9
    • KHW
    • 7673
700 -Hasło dodatkowe - nazwa osobowa [1, ]
    • a
    • Nazwa osobowa (NP)
    • Ptaszyńska-Sadowska, Elżbieta. Find
    • e
    • Określenie rodzaju współpracy
    • Tł.
    • 9
    • KHW
    • 63722
920 -ISBN [ , ]
    • a
    • ISBN
    • 83-88199-35-8 Find
Lokalizacja Data inwentaryzacji Status udost. Numer inwentarzowy Sygnatura
BG2003-03-111CDE.917 
T2002-12-302TM.464TM.464